| 000 | 00550nam a2200181Ia 4500 | ||
|---|---|---|---|
| 003 | IN-BaIIA | ||
| 008 | 211028s9999 xx 000 0 eng d | ||
| 040 | _cIIA Library | ||
| 080 |
_a551.5 _bUSA |
||
| 110 |
_aUnited States.. Armed Forces Institute _93352 |
||
| 245 | 0 |
_aWeather and climate _cUnited States Armed Forces Institute |
|
| 260 |
_aWisconsin _bUnited States Armed Forces Institute |
||
| 300 | _a66p. | ||
| 650 | _aAstronomy and Astrophysics Thesaurus | ||
| 650 | _aClimatology | ||
| 650 | _aWeather | ||
| 942 | _cBK | ||
| 999 |
_c1699 _d1699 |
||